000
00210nam a2200085Ia 4500
008
120527s9999 xx 000 0 und d
100
_a
ADEJUYIGBE, A
245
_a
The making of Political Enigma Vol.1
942
_c
BK
999
_c
25798
_d
25798